000 00605nam a2200205Ia 4500
003 GCL
008 140319s9999 xx 000 0 eng d
040 _aGCL /
_cGCL
082 0 4 _a791.450973
_bJ T
100 1 _aJANKOWSKI, GENE F
245 1 0 _aTELEVISON TODAY AND TOMORROW: IT WON'T BE WHAT YOU THINK /
_cJANKOWSKI, GENE F
700 1 _aFUCHES, DAVID C
260 _a[S.N] :
_bOXFORD UNIVERSITY PRESS ،
_c1995
300 _a237 P
650 0 4 _aARTS
650 0 4 _aTELEVISION BROADCASTING - U.S
650 0 4 _aTELEVISION PROGRAMS - U.S.A
650 0 4 _aTELEVISION OF NEWS - U.S.A
942 _2ddc
_cBK
999 _c16248
_d16248